000
00302 a2200133 4500
999
_c
12046
_d
12046
003
OSt
005
20240117172557.0
008
240117b ||||| |||| 00| 0 eng d
020
_a
9789881970763
082
_a
747.8524
245
_a
Bank Interior
260
_b
HI-DESIGN PUBLISHING
_c
2012
942
_2
ddc